000 00654nam a2200145Ia 4500
008 200619s9999 xx 000 0 und d
020 _a978-1-4080-1918-4
100 _aVolberda, Henk W.
245 _cHenk W. Volberda, Robert E. Morgan, Patrick Reinmoeller, Michael A. Hitt, R. Duane Ireland, Robert E. Hoskisson.--
_aStrategic Management :
_bCompetitiveness and Globalization ; Concept and cases
260 _aUnited Kingdom:
_bSouth Western Higher Education ; Cengage Learning
_c2011
300 _axxxv, 879 pages
500 _aIncludes glossary, name, company and subject index.
650 _aIndustrial management.
650 _aStrategic planning.
999 _c363738
_d363738